000 00436nam a2200133Ia 4500
008 100204s9999 xx 000 0 und d
082 _b4083
100 _aराजे शैलजा
245 _aस्वरांची लय
260 _b"दिपज्योती प्रकाशन , पुणे"
_c1973
630 _aस्वरांची लय
730 _aस्वरांची लय
942 _cBOOK
999 _c465711
_d465708